| 000 | 00704nam a2200193Ii 4500 | ||
|---|---|---|---|
| 003 | JO-AjNU | ||
| 008 | 230605s9999||||xx |||||||||||||| ||und|| | ||
| 040 |
_aJO-AjNU _bara _erda _cJO-AjNU |
||
| 041 | _aara | ||
| 050 | 1 | 4 | _aQA76.9.2022 |
| 100 | 3 |
_aالسنهوري، احمد محمد, _eauthor _963412 |
|
| 245 | 0 | 0 | _aالامن السيبراني في مواجهة الجرائم الغير اخلاقية |
| 250 | _aط1 | ||
| 300 | _a214ص | ||
| 336 |
_atext _btxt _2rdacontent |
||
| 337 |
_aunmediated _bn _2rdamedia |
||
| 338 |
_avolume _bnc _2rdacarrier |
||
| 650 | 4 |
_aالامن السيبراني-امن المعلومات-تطبيقات الحاسوب- الجرائم الاخلاقية _963413 |
|
| 999 |
_aA28763 _c32331 _d32331 |
||